书目信息 |
| 题名: |
多维视界中的维特根斯坦
|
|
| 作者: | Witherspoon , 威瑟斯布恩 著 ;张志林 , 程志敏 , 宋志润 选编 | |
| 分册: | ||
| 出版信息: | 上海 华东师范大学出版社 2005 |
|
| 页数: | 404页 | |
| 开本: | 22cm | |
| 丛书名: | 西方传统 经典与解释 | |
| 单 册: | ||
| 中图分类: | B561.59 | |
| 科图分类: | ||
| 主题词: | 哲学思想 | |
| 电子资源: | ||
| ISBN: | 7-5617-4251-7 | |
| 000 | 01318oam2 2200325 450 | |
| 001 | 010050028473 | |
| 005 | 20061107101915.71 | |
| 010 | @a7-5617-4251-7@dCNY48.00 | |
| 100 | @a20050815d2005 em y0chiy0110 ea | |
| 101 | 1 | @achi@ceng |
| 102 | @aCN@b310000 | |
| 105 | @ay z 000yy | |
| 200 | 1 | @a多维视界中的维特根斯坦@9duo wei shi jie zhong de wei te gen si tan@f( )威瑟斯布恩(Edward Witherspoon)@g张志林,程志敏选编@g郝亿春等译 |
| 210 | @a上海@c华东师范大学出版社@d2005 | |
| 215 | @a404页@d22cm | |
| 225 | 2 | @a西方传统 经典与解释 |
| 330 | @a本书一共四编,第一编突显维特根斯坦与哲学史的关联;第二编立足现代哲学背景来展开对维特根斯坦的探讨;第三编则展示维特根斯坦的哲学运思可能给政治生活、诗歌理解和音乐阐释带来什么样的启发;第四编试图寻找维特根斯坦的思想指归。 | |
| 461 | 0 | @12001 @a西方传统 经典与解释@1701 0@a刘小枫@4主编 |
| 510 | 1 | @aWittgenstein of Multiple Version@zeng |
| 600 | 1 | @a维特根斯坦@bE.@f1889~1951@x哲学思想@x研究 |
| 600 | 1 | @a维特根斯坦@bE.@f1889~1951 |
| 606 | 0 | @a哲学思想 |
| 690 | @aB561.59@v4 | |
| 701 | 1 | @aWitherspoon@bEdward@4著 |
| 701 | 1 | @a威瑟斯布恩@9wei se si bu en@bE.@4著 |
| 702 | 0 | @a张志林@9zhang zhi lin@4选编 |
| 702 | 0 | @a程志敏@9cheng zhi min@4选编 |
| 702 | 0 | @a宋志润@9song zhi run@4译 |
| 801 | 0 | @aCN@bRENTIAN@c20061107 |
| 905 | @a10447@dB561.59@e28 | |
| 多维视界中的维特根斯坦/( )威瑟斯布恩(Edward Witherspoon)/张志林,程志敏选编/郝亿春等译.-上海:华东师范大学出版社,2005 |
| 404页;22cm.-(西方传统 经典与解释) |
| ISBN 7-5617-4251-7:CNY48.00 |
| 本书一共四编,第一编突显维特根斯坦与哲学史的关联;第二编立足现代哲学背景来展开对维特根斯坦的探讨;第三编则展示维特根斯坦的哲学运思可能给政治生活、诗歌理解和音乐阐释带来什么样的启发;第四编试图寻找维特根斯坦的思想指归。 |
| ● |
| 相关链接 |
|
|
|
|
正题名:多维视界中的维特根斯坦
索取号:B561.59/28
 
预约/预借
| 序号 | 登录号 | 条形码 | 馆藏地/架位号 | 状态 | 备注 |
| 1 | 0382499 | 203824996 | 第一样本阅览室/ [索取号:B561.59/28] | 在馆 | |
| 2 | 0382500 | 203825003 | 第一借阅区/ [索取号:B561.59/28] | 在馆 | |
| 3 | 0382501 | 203825012 | 第一借阅区/ [索取号:B561.59/28] | 在馆 |